01321nam a2200229Ia 4500952011100000999001700111008004100128020001500169050002400184100005400208240003500262245012400297260005300421300003500474500004300509500007900552505032700631519008400958650002301042650001901065942000701084 00104070a11b11d2009-01-30l3oN72 S6 G6618 2003p11 007673r2015-12-01s2015-12-01t1w2012-06-26yLB c72104d72104120626s1999 mx a 000 0 spa d a968166955X aN72 S6 bG6618 2003 aGombrich, E. H.d, 1909-2001eautorq(Ernst Hans) a The uses of imageslEspañol aLos usos de las imágenesb: estudios sobre la función social del arte y la comunicación visual c/ E. H. Gombrich aMéxicob: Fondo de Cultura Económicac, 1999 a304 páginasb: ilustraciones aTítulo original: The uses of images aIncluye: Sumario, Introducción, Notas, Indice, Créditos fotográficos aPinturas en las paredes Pinturas para los altares Las imágenes como objetos de lujo Cuadros para el hogar Esculturas para exteriores El sueño de la razón Magia, mito y metáfora Los placeres del aburrimiento Instrucciones gráficas Estilos artísticos y estilos de vida Lo que el arte nos dice  aMaterial Complementario / bDiseño y comunicación visual / d(11 007673)  0aARTExPSICOLOGÍA 0aARTExSOCIEDAD cLB